Statistics for Countries That Visit Brazil The Most

Click here to take the quiz!

General Stats

  • This quiz has been taken 50 times
  • The average score is 21 of 25

Answer Stats

TotalCountry% Correct
2,12 milArgentina
98%
288,340Paraguay
98%
192,670Spain
98%
301,900Uruguay
98%
166,230France
95%
150,780Mexico
95%
119,760United Kingdom
95%
89,560China
93%
179,360Colombia
93%
345,650Portugal
93%
65,300Bolivia
91%
202,550Germany
91%
102,670Japan
91%
113,340Peru
91%
130,550Canada
86%
221,700Chile
86%
256,120Italy
86%
145,660India
79%
985,500United States
77%
132,910South Korea
74%
91,400Netherlands
67%
71,060South Africa
58%
96,930Greece
56%
100,510Cuba
51%
85,320Philippines
30%

Score Distribution

Percentile by Number Answered

Percent of People with Each Score

Your Score History

You have not taken this quiz